000 00567nam a2200169Ia 4500
008 100122s9999 xx 000 0 und d
082 _b25651
_a821
100 _aमुक्तेश्वर
245 _aहरिश्चंद्राख्यान
260 _bगोदा प्रकाशन
_c1977
300 _a108
630 _aहरिश्चंद्राख्यान
700 _aओक सुनेत्रा
700 _aगोरे दादा
730 _aहरिश्चंद्राख्यान
942 _cBOOK
999 _c412356
_d412353